00444nam a22001337a 4500020001600000082001000016100004900026245004400075260003800119300002800157650004300185700002500228856005700253 qHard Cover. a621.3 aAli, Wasif ; Hassan Tahir Sehgal ; Dilllshad aUNDERWORLD (An Organizational Approach) aIslamabad :bSEECS - NUST,c621.3 aVar. p. : ill. ;c30cm. aElectrical Engineering-Project Report. aMr. Muhammad Yousaf. uhttp://10.250.8.41:8080/xmlui/handle/123456789/29667